000 00425nam a2200145Ia 4500
005 20260417150918.0
008 260417s9999||||xx |||||||||||||| ||und||
020 _a9789812307163
041 _aeng
245 0 _aAgeing and long-term care
260 _bCambridge, Cambridge,
_c2015
650 _aMedia & Communication
856 _uhttps://www.cambridge.org/core/product/identifier/9789812307163/type/BOOK
942 _cE-BOOK
999 _c50667
_d50667